[Event "Gibraltar Masters 18th"]
[Site "Caleta"]
[Date "2020.01.21"]
[Round "1"]
[White "Teh, Wee Zhun"]
[Black "Bhakti, Kulkarni"]
[Result "0-1"]
[WhiteElo "1857"]
[BlackElo "2404"]
[PlyCount "74"]
[EventDate "2020.01.21"]
[EventType "swiss"]
[EventRounds "10"]
[EventCountry "GGB"]
[SourceTitle "CBM 194 Extra"]
[Source "ChessBase"]
[SourceDate "2020.03.31"]
[SourceVersion "1"]
[SourceVersionDate "2020.03.31"]
[SourceQuality "1"]

1. d4 d5 2. c4 e6 3. Nc3 Be7 4. cxd5 exd5 5. Bf4 Nf6 6. e3 Bf5 7. h3 c6 8. Bd3 Bxd3 9. Qxd3 0-0 10. Nf3 Nbd7 11. 0-0 Re8 12. Rab1 a5 13. a3 a4 14. Rfc1 Bf8 15. Qd1 Qa5 16. Ne5 Nxe5 17. Bxe5 Nd7 18. Bf4 Re6 19. Ne2 Bd6 20. Bxd6 Rxd6 21. Nf4 b5 22. Nd3 Nb6 23. Nc5 Qa7 24. Rc2 Nc4 25. Ra1 Qe7 26. Qf3 Re8 27. b3 axb3 28. Nxb3 Rf6 29. Qd1 Nxa3 30. Rc5 Nc4 31. Na5 Nxa5 32. Rxa5 Rg6 33. Ra6 Qb7 34. Qa1 h6 35. Ra7 Qc8 36. Kh1 Qf5 37. Qf1 Rxe3 0-1

[Event "Penang op 11th"]
[Site "Penang"]
[Date "2019.12.11"]
[Round "5"]
[White "Teh, Wee Zhun"]
[Black "Singgih, Diajeng Theresa"]
[Result "1/2-1/2"]
[WhiteElo "1898"]
[BlackElo "2089"]
[PlyCount "41"]
[EventDate "2019.12.09"]
[EventType "swiss"]
[EventRounds "9"]
[EventCountry "MAS"]
[SourceTitle "CBM 193 Extra"]
[Source "ChessBase"]
[SourceDate "2020.01.31"]
[SourceVersion "1"]
[SourceVersionDate "2020.01.31"]
[SourceQuality "1"]

1. e4 e5 2. Nf3 Nc6 3. Bc4 Bc5 4. b4 Bxb4 5. c3 Ba5 6. d4 exd4 7. Qb3 Qe7 8. 0-0 dxc3 9. Nxc3 Qb4 10. Bxf7+ Kd8 11. Bg5+ Nge7 12. Nd5 Qxb3 13. axb3 Bb4 14. Nxb4 Nxb4 15. Nd4 h6 16. Rfd1 d6 17. Bh4 g5 18. Bg3 Nec6 19. Nxc6+ Nxc6 20. Bd5 Bd7 21. e5 1/2-1/2

[Event "Penang op 11th"]
[Site "Penang"]
[Date "2019.12.10"]
[Round "2"]
[White "Lee, Khai Wei"]
[Black "Teh, Wee Zhun"]
[Result "0-1"]
[WhiteElo "1604"]
[BlackElo "1898"]
[PlyCount "90"]
[EventDate "2019.12.09"]
[EventType "swiss"]
[EventRounds "9"]
[EventCountry "MAS"]
[SourceTitle "CBM 193 Extra"]
[Source "ChessBase"]
[SourceDate "2020.01.31"]
[SourceVersion "1"]
[SourceVersionDate "2020.01.31"]
[SourceQuality "1"]

1. Nf3 d5 2. c4 d4 3. b4 f6 4. e3 dxe3 5. fxe3 e5 6. a3 e4 7. Nd4 Bd6 8. g3 Ne7 9. Bg2 f5 10. 0-0 0-0 11. Qb3 c5 12. Ne2 Be5 13. Bb2 Nbc6 14. Nf4 g5 15. Bxe5 Nxe5 16. Nd5 Nxd5 17. cxd5 c4 18. Qb2 Qxd5 19. Nc3 Qe6 20. Nb5 Nd3 21. Qd4 Qe5 22. Nd6 Qxd4 23. exd4 Be6 24. g4 Rad8 25. gxf5 Rxd6 26. fxe6 Rxd4 27. Rxf8+ Kxf8 28. Rf1+ Nf4 29. h4 h6 30. hxg5 hxg5 31. Re1 Nxg2 32. Kxg2 Rxd2+ 33. Kg3 e3 34. Kf3 e2 35. Ke3 c3 36. b5 Ke7 37. a4 Kxe6 38. a5 Kd6 39. a6 bxa6 40. bxa6 Kc5 41. Rg1 Kc4 42. Re1 g4 43. Rg1 g3 44. Re1 g2 45. Kf2 Rd1 0-1

[Event "Belt and Road Hunan op-C"]
[Site "Changsha"]
[Date "2019.07.30"]
[Round "3"]
[White "Song, Linxuan"]
[Black "Teh, Wee Zhun"]
[Result "1/2-1/2"]
[WhiteElo "1435"]
[BlackElo "1893"]
[PlyCount "77"]
[EventDate "2019.07.29"]
[EventType "swiss"]
[EventRounds "9"]
[EventCountry "CHN"]
[SourceTitle "EXT 2020"]
[Source "ChessBase"]
[SourceDate "2019.10.17"]
[SourceVersion "1"]
[SourceVersionDate "2019.10.17"]
[SourceQuality "1"]

1. e4 Nf6 2. e5 Nd5 3. c4 Nb6 4. d4 d6 5. exd6 exd6 6. Nf3 Bg4 7. Be2 Nc6 8. 0-0 Be7 9. b3 d5 10. Nbd2 0-0 11. Bb2 Bf6 12. h3 Bh5 13. Re1 Re8 14. Ne5 Bxe2 15. Rxe2 Bxe5 16. dxe5 dxc4 17. Nxc4 Nxc4 18. bxc4 Qxd1+ 19. Rxd1 Red8 20. Red2 Rxd2 21. Rxd2 g6 22. f4 Rd8 23. Rxd8+ Nxd8 24. Kf2 Kf8 25. Ke3 Ke7 26. Ke4 h5 27. g4 hxg4 28. hxg4 Kd7 29. f5 Nc6 30. Bc3 gxf5+ 31. Kxf5 Ke7 32. g5 b6 33. e6 fxe6+ 34. Kg6 e5 35. Kh7 Ke6 36. g6 Ne7 37. g7 Kf5 38. Be1 Kg4 39. Bc3 1/2-1/2